[Event "Ceske Budejovice op"]
[Site "Ceske Budejovice"]
[Date "2024.07.05"]
[Round "7"]
[White "Yang, Sung Jui"]
[Black "Hruby, Milan"]
[Result "1-0"]
[WhiteElo "1879"]
[BlackElo "2022"]
[PlyCount "95"]
[EventDate "2024.06.29"]
[EventType "swiss"]
[EventRounds "9"]
[EventCountry "CZE"]
[SourceTitle "CBM 221 Extra"]
[Source "ChessBase"]
[SourceDate "2024.09.30"]
[SourceVersion "1"]
[SourceVersionDate "2024.09.30"]
[SourceQuality "1"]

1. d4 d5 2. Nf3 e6 3. c4 c5 4. cxd5 exd5 5. g3 Nc6 6. Bg2 Nf6 7. Nc3 Be7 8. 0-0 0-0 9. Bg5 c4 10. Ne5 Be6 11. f4 Ng4 12. Nxg4 Bxg4 13. Bxd5 Bxg5 14. fxg5 Qxg5 15. Rf4 Rad8 16. Qd2 h5 17. e4 h4 18. gxh4 Qg6 19. Qg2 Bh5 20. Qxg6 Bxg6 21. Rd1 Bh5 22. Rd2 Ne7 23. Bxc4 Ng6 24. Rff2 Nxh4 25. Be2 Bxe2 26. Nxe2 Rfe8 27. Ng3 f5 28. Nxf5 Rxe4 29. Nxh4 Rxh4 30. d5 Rh5 31. d6 Rd7 32. Rf4 Rh6 33. Rfd4 Rf6 34. Kg2 Kf7 35. Kg3 Ke6 36. Re4+ Kf7 37. Rf4 Rxf4 38. Kxf4 Ke6 39. Kg5 Ke5 40. h4 Ke4 41. h5 Ke3 42. Rd1 Ke4 43. Kg6 Ke5 44. Re1+ Kd4 45. Kf5 Kc5 46. Rd1 Rf7+ 47. Ke6 Rf6+ 48. Ke7 1-0

[Event "Ceske Budejovice op"]
[Site "Ceske Budejovice"]
[Date "2024.07.04"]
[Round "6"]
[White "Hruby, Milan"]
[Black "Sai Tanishka, T."]
[Result "0-1"]
[WhiteElo "2022"]
[BlackElo "1631"]
[PlyCount "110"]
[EventDate "2024.06.29"]
[EventType "swiss"]
[EventRounds "9"]
[EventCountry "CZE"]
[SourceTitle "CBM 221 Extra"]
[Source "ChessBase"]
[SourceDate "2024.09.30"]
[SourceVersion "1"]
[SourceVersionDate "2024.09.30"]
[SourceQuality "1"]

1. d4 d5 2. c4 e6 3. Nc3 Nf6 4. cxd5 exd5 5. Bg5 Be7 6. e3 c6 7. Bd3 0-0 8. Nge2 Re8 9. Qc2 h6 10. Bh4 Nbd7 11. 0-0 Ne4 12. Bxe7 Qxe7 13. Nxe4 dxe4 14. Bc4 Nb6 15. Bb3 Bf5 16. Rac1 Rad8 17. Qc5 Be6 18. Qxe7 Rxe7 19. Bxe6 Rxe6 20. Nf4 Red6 21. Rc5 Nd5 22. Nxd5 Rxd5 23. Rfc1 Kf8 24. f3 exf3 25. gxf3 Rxc5 26. Rxc5 Ke7 27. Kf2 Kd6 28. Ra5 a6 29. e4 g5 30. Ke3 Ke6 31. b4 f6 32. a4 Rc8 33. b5 axb5 34. axb5 cxb5 35. Rxb5 Rc3+ 36. Kf2 Rc2+ 37. Kg3 Rc7 38. Rb6+ Kf7 39. Kg4 Rd7 40. Kf5 Rxd4 41. Rxf6+ Kg7 42. Rg6+ Kh7 43. Rb6 Rd7 44. Rf6 Kg7 45. e5 Rf7 46. Rxf7+ Kxf7 47. f4 b5 48. fxg5 hxg5 49. e6+ Ke7 50. Ke5 b4 51. Kd4 Kxe6 52. Kc4 Kf5 53. Kxb4 Kg4 54. Kc4 Kh3 55. Kd4 Kxh2 0-1

[Event "CZE-chT2A 2223"]
[Site "Czech Republic"]
[Date "2023.03.26"]
[Round "11.5"]
[White "Rehak, Martin"]
[Black "Hruby, Milan"]
[Result "1/2-1/2"]
[WhiteElo "1967"]
[BlackElo "2011"]
[PlyCount "31"]
[EventDate "2022.10.16"]
[EventType "team-tourn"]
[EventRounds "11"]
[EventCountry "CZE"]
[SourceTitle "EXT 2024"]
[Source "ChessBase"]
[SourceDate "2023.10.10"]
[SourceVersion "1"]
[SourceVersionDate "2023.10.10"]
[SourceQuality "1"]
[WhiteTeam "Vysehrad II"]
[BlackTeam "Tabor"]
[WhiteTeamCountry "CZE"]
[BlackTeamCountry "CZE"]

1. Nf3 d5 2. g3 e6 3. c4 c5 4. Bg2 Nc6 5. 0-0 Nf6 6. d4 dxc4 7. dxc5 Qxd1 8. Rxd1 Bxc5 9. Nbd2 0-0 10. Nxc4 b5 11. Nfe5 Nxe5 12. Nxe5 Nd5 13. Nd3 Be7 14. Nf4 Rd8 15. Nxd5 exd5 16. Bf4 1/2-1/2

[Event "CZE-chT2A 2223"]
[Site "Czech Republic"]
[Date "2023.02.19"]
[Round "9.7"]
[White "Hruby, Milan"]
[Black "Stufka, Karel"]
[Result "1-0"]
[WhiteElo "2024"]
[BlackElo "1790"]
[PlyCount "61"]
[EventDate "2022.10.16"]
[EventType "team-tourn"]
[EventRounds "11"]
[EventCountry "CZE"]
[SourceTitle "EXT 2024"]
[Source "ChessBase"]
[SourceDate "2023.10.10"]
[SourceVersion "1"]
[SourceVersionDate "2023.10.10"]
[SourceQuality "1"]
[WhiteTeam "Tabor"]
[BlackTeam "Pribram"]
[WhiteTeamCountry "CZE"]
[BlackTeamCountry "CZE"]

1. d4 d5 2. c4 e6 3. Nc3 Nf6 4. cxd5 exd5 5. Bg5 Be7 6. e3 c6 7. Bd3 0-0 8. Nge2 Re8 9. 0-0 Nbd7 10. Qd2 Nf8 11. f3 Ng6 12. e4 dxe4 13. fxe4 Bg4 14. e5 Nd5 15. Bxe7 Rxe7 16. Ng3 Be6 17. Nce4 Qb6 18. Qf2 Nb4 19. Bb1 Bc4 20. Rd1 Rd8 21. Nd6 Be6 22. Nge4 Na6 23. Ng5 Bd5 24. Bxg6 fxg6 25. Nxh7 Red7 26. Ng5 Rxd6 27. exd6 Rxd6 28. Qh4 Rf6 29. Qh7+ Kf8 30. Qh8+ Bg8 31. Nh7+ 1-0

[Event "CZE-chT2A 2223"]
[Site "Czech Republic"]
[Date "2023.01.08"]
[Round "6.6"]
[White "Hruby, Milan"]
[Black "Muron, Miroslav"]
[Result "0-1"]
[WhiteElo "2007"]
[BlackElo "2112"]
[PlyCount "62"]
[EventDate "2022.10.16"]
[EventType "team-tourn"]
[EventRounds "11"]
[EventCountry "CZE"]
[SourceTitle "EXT 2024"]
[Source "ChessBase"]
[SourceDate "2023.10.10"]
[SourceVersion "1"]
[SourceVersionDate "2023.10.10"]
[SourceQuality "1"]
[WhiteTeam "Tabor"]
[BlackTeam "Praha Dukla"]
[WhiteTeamCountry "CZE"]
[BlackTeamCountry "CZE"]

1. d4 Nf6 2. c4 g6 3. Nc3 Bg7 4. e4 d6 5. f4 0-0 6. Nf3 c5 7. d5 e6 8. dxe6 Bxe6 9. Bd3 Nc6 10. 0-0 Nd4 11. Nxd4 cxd4 12. Nd5 Nd7 13. b3 Bxd5 14. exd5 f5 15. Bb2 Qb6 16. Re1 Rae8 17. Qf3 Nc5 18. Rad1 Qa5 19. Rxe8 Rxe8 20. Bb1 d3 21. Bxg7 Re1+ 22. Rxe1 Qxe1+ 23. Qf1 d2 24. Bc2 Kxg7 25. g3 Ne4 26. Kg2 Nc3 27. Qd3 d1Q 28. Bxd1 Nxd1 29. Qd4+ Kh6 30. Qf6 Qe2+ 31. Kh3 Nf2+ 0-1

[Event "CZE-chT2A 2122"]
[Site "Czech Republic"]
[Date "2022.04.03"]
[Round "11.5"]
[White "Hruby, Milan"]
[Black "Novacek, Karel"]
[Result "1/2-1/2"]
[WhiteElo "1988"]
[BlackElo "2028"]
[PlyCount "31"]
[EventDate "2021.10.17"]
[EventType "team-tourn"]
[EventRounds "11"]
[EventCountry "CZE"]
[SourceTitle "EXT 2025"]
[Source "ChessBase"]
[SourceDate "2024.10.14"]
[SourceVersion "1"]
[SourceVersionDate "2024.10.14"]
[SourceQuality "1"]
[WhiteTeam "Tabor"]
[BlackTeam "Klatovy"]
[WhiteTeamCountry "CZE"]
[BlackTeamCountry "CZE"]

1. d4 d5 2. c4 e6 3. Nc3 Nf6 4. cxd5 exd5 5. Bg5 Be7 6. Qc2 0-0 7. e3 c6 8. Bd3 h6 9. Bh4 Re8 10. Nge2 Ne4 11. Bxe7 Qxe7 12. 0-0 Nd7 13. Rae1 Ndf6 14. f3 Nxc3 15. Nxc3 Qb4 16. Qf2 1/2-1/2

[Event "LSS No Engine Cup 220 Final"]
[Site "LSS email"]
[Date "2022.02.19"]
[Round "?"]
[White "Hruby, Milan"]
[Black "Huber, Karl"]
[Result "1/2-1/2"]
[WhiteElo "2058"]
[BlackElo "2050"]
[PlyCount "145"]
[EventDate "2022.02.19"]
[EventType "tourn (corr)"]
[EventRounds "6"]
[EventCountry "GER"]
[SourceTitle "Corr 2024"]
[Source "ChessBase"]
[SourceDate "2023.10.19"]
[SourceVersion "1"]
[SourceVersionDate "2023.10.19"]
[SourceQuality "1"]

1. e4 e6 2. d4 d5 3. e5 c5 4. c3 Nc6 5. Nf3 Qb6 6. Bd3 cxd4 7. 0-0 Bd7 8. Re1 h6 9. h4 Nge7 10. h5 Rc8 11. a3 a6 12. b4 dxc3 13. Nxc3 Nxb4 14. Na4 Bxa4 15. Qxa4+ Nbc6 16. Bd2 Qc7 17. Qg4 Qd7 18. Nh4 Rc7 19. Rab1 Rg8 20. a4 g5 21. hxg6 Kd8 22. Nf3 Nxg6 23. Rec1 Kc8 24. Be3 h5 25. Qxh5 d4 26. Bd2 Rh8 27. Qg5 Bh6 28. Qf6 Bxd2 29. Nxd2 Rg8 30. f4 Qe7 31. Bxg6 Qxf6 32. exf6 Rxg6 33. Ne4 Kb8 34. Rc5 Rg4 35. g3 e5 36. Kf2 exf4 37. Kf3 Rg8 38. g4 Rd8 39. Kxf4 Ka7 40. g5 Rcd7 41. Nd2 d3 42. Nf3 d2 43. Rd1 Nd4 44. Nxd4 Rxd4+ 45. Ke3 Rd3+ 46. Ke2 Rg3 47. Re5 Kb6 48. Kf2 Rg4 49. Ke3 Rg2 50. Kf3 Rh2 51. Re7 Rd3+ 52. Ke4 Rd6 53. Kf5 Rd5+ 54. Kf4 Rf2+ 55. Ke3 Rg2 56. Rxf7 Re5+ 57. Kd3 Rexg5 58. Rd7 Kc6 59. Rd8 Rf2 60. Rxd2 Rxf6 61. Kc4 Rg4+ 62. R2d4 Rg7 63. Kb4 Kc7 64. R8d5 Rb6+ 65. Ka5 Rh6 66. Kb4 Rh2 67. Rd2 Rh4+ 68. R2d4 Rh1 69. Rd1 Rh3 70. R1d3 Rh6 71. R3d4 Rf6 72. a5 Rf8 73. Rc4+ 1/2-1/2

[Event "LSS No Engine Cup 220 Final"]
[Site "LSS email"]
[Date "2022.02.19"]
[Round "?"]
[White "Kolanek, Sylwia"]
[Black "Hruby, Milan"]
[Result "1-0"]
[WhiteElo "2172"]
[BlackElo "2058"]
[PlyCount "93"]
[EventDate "2022.02.19"]
[EventType "tourn (corr)"]
[EventRounds "6"]
[EventCountry "GER"]
[SourceTitle "Corr 2024"]
[Source "ChessBase"]
[SourceDate "2023.10.19"]
[SourceVersion "1"]
[SourceVersionDate "2023.10.19"]
[SourceQuality "1"]

1. d4 d5 2. c4 e6 3. Nc3 Nf6 4. Bg5 Be7 5. Nf3 Nbd7 6. cxd5 Nxd5 7. Bxe7 Qxe7 8. e4 Nxc3 9. bxc3 0-0 10. Bd3 b6 11. 0-0 Bb7 12. Re1 Rfd8 13. a4 a6 14. Rb1 e5 15. Qd2 h6 16. h3 Qf6 17. Re3 Re8 18. Qb2 Rad8 19. Rbe1 Bc6 20. a5 b5 21. c4 Rb8 22. Qc2 Ba8 23. cxb5 axb5 24. Bf1 b4 25. Rd1 exd4 26. Nxd4 Ne5 27. a6 Qb6 28. Nf5 Kh7 29. Rg3 g6 30. Ne3 Red8 31. Nd5 Bxd5 32. exd5 Kg7 33. Qe2 Qf6 34. Re3 Nd7 35. Rb1 Qd6 36. Rc1 b3 37. Qb2+ Qf6 38. Qa3 b2 39. Rb1 Rb6 40. Rb3 Ra8 41. Rxb6 Nxb6 42. Rxb2 Nxd5 43. Rb7 Qc6 44. Qb3 h5 45. Rb8 Rxb8 46. Qxb8 Nb6 47. g3 1-0

[Event "LSS No Engine Cup 219 Final"]
[Site "LSS email"]
[Date "2022.01.14"]
[Round "?"]
[White "Hruby, Milan"]
[Black "Varas, Pablo"]
[Result "1/2-1/2"]
[WhiteElo "2060"]
[BlackElo "2055"]
[PlyCount "49"]
[EventDate "2022.01.14"]
[EventType "tourn (corr)"]
[EventRounds "6"]
[EventCountry "GER"]
[SourceTitle "Corr 2024"]
[Source "ChessBase"]
[SourceDate "2023.10.19"]
[SourceVersion "1"]
[SourceVersionDate "2023.10.19"]
[SourceQuality "1"]

1. e4 c5 2. Nc3 Nc6 3. Bb5 g6 4. Bxc6 bxc6 5. d3 Bg7 6. f4 c4 7. dxc4 Bxc3+ 8. bxc3 Qa5 9. Ne2 Nf6 10. e5 Nh5 11. 0-0 0-0 12. Be3 Ba6 13. Qxd7 Bxc4 14. Rf2 Bxe2 15. Rxe2 Qxc3 16. Rf1 Qc4 17. Ref2 e6 18. Bxa7 Rfd8 19. Qb7 Ng7 20. Rd2 h5 21. Rfd1 Rf8 22. Rd7 Qxa2 23. Bc5 Rfb8 24. Qxc6 Qxc2 25. R7d2 1/2-1/2

[Event "LSS No Engine Cup 221 Preliminary 0"]
[Site "LSS email"]
[Date "2021.09.14"]
[Round "?"]
[White "Berk, Julian"]
[Black "Hruby, Milan"]
[Result "1-0"]
[WhiteElo "1971"]
[BlackElo "1600"]
[PlyCount "61"]
[EventDate "2021.09.14"]
[EventType "tourn (corr)"]
[EventRounds "6"]
[EventCountry "GER"]
[SourceTitle "Corr 2024"]
[Source "ChessBase"]
[SourceDate "2023.10.19"]
[SourceVersion "1"]
[SourceVersionDate "2023.10.19"]
[SourceQuality "1"]

1. c4 e6 2. Nf3 d5 3. g3 Nf6 4. Bg2 dxc4 5. Qa4+ Bd7 6. Qxc4 c5 7. Ne5 Qc8 8. Qd3 Nc6 9. Nxd7 Nxd7 10. b3 Be7 11. Bb2 0-0 12. Nc3 Rd8 13. Rc1 Nf6 14. Qb1 Qd7 15. d3 Rac8 16. 0-0 h5 17. Rfd1 h4 18. e3 hxg3 19. hxg3 b6 20. Bf3 Ne5 21. Be2 Qb7 22. Ne4 Nxe4 23. dxe4 Bf6 24. f4 Rxd1+ 25. Rxd1 Nc6 26. e5 Be7 27. f5 Bg5 28. fxe6 Bxe3+ 29. Kh2 fxe6 30. Qe4 Bd4 31. Bd3 1-0

[Event "LSS No Engine Cup 219 Preliminary 0"]
[Site "LSS email"]
[Date "2021.07.10"]
[Round "?"]
[White "Lonyuk, Bohdan"]
[Black "Hruby, Milan"]
[Result "0-1"]
[WhiteElo "1782"]
[BlackElo "1600"]
[PlyCount "78"]
[EventDate "2021.07.10"]
[EventType "tourn (corr)"]
[EventRounds "6"]
[EventCountry "GER"]
[SourceTitle "Corr 2024"]
[Source "ChessBase"]
[SourceDate "2023.10.19"]
[SourceVersion "1"]
[SourceVersionDate "2023.10.19"]
[SourceQuality "1"]

1. c4 e6 2. g3 d5 3. Bg2 Nf6 4. Nf3 dxc4 5. Qc2 c5 6. Ne5 Be7 7. Nxc4 0-0 8. Nc3 Nd5 9. Qd3 Nb4 10. Qxd8 Rxd8 11. 0-0 N8c6 12. d3 b6 13. a3 Nd5 14. Ne3 Nxe3 15. Bxe3 Bb7 16. b4 cxb4 17. axb4 Bxb4 18. Ne4 Nd4 19. Bxd4 Rxd4 20. Nf6+ gxf6 21. Bxb7 Rb8 22. Bf3 a5 23. Rfd1 f5 24. Rdc1 Rd6 25. Rc7 e5 26. Bh5 Rf6 27. Rac1 b5 28. Rc8+ Rxc8 29. Rxc8+ Bf8 30. Ra8 a4 31. Ra5 a3 32. Bf3 e4 33. dxe4 b4 34. exf5 b3 35. Bd5 Rb6 36. Be4 b2 37. Bb1 Rc6 38. Kg2 Rc1 39. Ba2 Ra1 0-1

[Event "Ceske Budejovice op"]
[Site "Ceske Budejovice"]
[Date "2021.07.01"]
[Round "1"]
[White "Neuman, Petr"]
[Black "Hruby, Milan"]
[Result "1-0"]
[WhiteElo "2397"]
[BlackElo "2000"]
[PlyCount "63"]
[EventDate "2021.07.01"]
[EventType "swiss"]
[EventRounds "9"]
[EventCountry "CZE"]
[SourceTitle "CBM 203 Extra"]
[Source "ChessBase"]
[SourceDate "2021.09.30"]
[SourceVersion "1"]
[SourceVersionDate "2021.09.30"]
[SourceQuality "1"]

1. e4 e5 2. Nf3 Nc6 3. c3 Nf6 4. d3 Bc5 5. b4 Bb6 6. b5 Ne7 7. Nxe5 d5 8. exd5 Qxd5 9. d4 c5 10. bxc6 bxc6 11. Be3 0-0 12. Nd2 c5 13. Ndc4 Nf5 14. Be2 Nh4 15. Bf3 Nxg2+ 16. Ke2 Bg4 17. Nxg4 Qxc4+ 18. Qd3 Qxd3+ 19. Kxd3 Nxg4 20. Bxg4 cxd4 21. Bxd4 Nf4+ 22. Kc4 Ne6 23. Bxb6 axb6 24. a4 Ra5 25. Kb4 Rc8 26. Rhe1 Rc6 27. Rad1 Kf8 28. Be2 Rac5 29. Bb5 Rc7 30. c4 g6 31. Rd6 Nf4 32. Re4 1-0

[Event "CZE-chT2A 1920"]
[Site "Czech Republic"]
[Date "2020.06.27"]
[Round "10.5"]
[White "Popper, Tomas"]
[Black "Hruby, Milan"]
[Result "1/2-1/2"]
[WhiteElo "2040"]
[BlackElo "1991"]
[PlyCount "73"]
[EventDate "2019.10.13"]
[EventType "team-tourn"]
[EventRounds "11"]
[EventCountry "CZE"]
[SourceTitle "EXT 2024"]
[Source "ChessBase"]
[SourceDate "2023.10.10"]
[SourceVersion "1"]
[SourceVersionDate "2023.10.10"]
[SourceQuality "1"]
[WhiteTeam "Unichess Reserve"]
[BlackTeam "Tabor"]
[WhiteTeamCountry "CZE"]
[BlackTeamCountry "CZE"]

1. Nf3 d5 2. b4 Bg4 3. d4 Nf6 4. Nbd2 e6 5. a3 Be7 6. c4 0-0 7. Bb2 Nbd7 8. e3 a5 9. b5 c5 10. bxc6 bxc6 11. Be2 Rb8 12. Bc3 c5 13. 0-0 cxd4 14. Nxd4 Bxe2 15. Qxe2 Rc8 16. Rfc1 Nc5 17. N4f3 a4 18. Bd4 Qa5 19. cxd5 Nxd5 20. Ne5 Qa8 21. e4 Nf6 22. f3 Rfd8 23. Qe3 Qa5 24. Rab1 Nfd7 25. Nec4 Qa6 26. Qc3 f6 27. f4 Qc6 28. Qe3 Rb8 29. Nb2 Rbc8 30. Nd3 Rc7 31. Rc2 Rdc8 32. Rbc1 Qb5 33. Nb4 Na6 34. Rxc7 Rxc7 35. Rxc7 Nxc7 36. Qc3 Bc5 37. Bxc5 1/2-1/2

[Event "CZE-chT2A 1920"]
[Site "Czech Republic"]
[Date "2019.12.01"]
[Round "4.3"]
[White "Hruby, Milan"]
[Black "Vasicek, Martin"]
[Result "1/2-1/2"]
[WhiteElo "1991"]
[BlackElo "2082"]
[PlyCount "107"]
[EventDate "2019.10.13"]
[EventType "team-tourn"]
[EventRounds "11"]
[EventCountry "CZE"]
[SourceTitle "EXT 2024"]
[Source "ChessBase"]
[SourceDate "2023.10.10"]
[SourceVersion "1"]
[SourceVersionDate "2023.10.10"]
[SourceQuality "1"]
[WhiteTeam "Tabor"]
[BlackTeam "Domazlice"]
[WhiteTeamCountry "CZE"]
[BlackTeamCountry "CZE"]

1. d4 Nf6 2. c4 e6 3. Nc3 d5 4. cxd5 exd5 5. Bg5 Be7 6. Qc2 0-0 7. e3 Nbd7 8. Bd3 c6 9. Nge2 Re8 10. 0-0 Nf8 11. f3 Be6 12. Rad1 Rc8 13. Kh1 Qc7 14. e4 dxe4 15. fxe4 Qa5 16. e5 Nd5 17. Qd2 Nxc3 18. Nxc3 Rcd8 19. Bxe7 Rxe7 20. Qf2 Bd5 21. Qh4 Red7 22. Rf4 Ng6 23. Bxg6 hxg6 24. Rdf1 Qb4 25. Nxd5 cxd5 26. Rxf7 Rxf7 27. Qxd8+ Kh7 28. Qh4+ Kg8 29. Rxf7 Kxf7 30. Qf4+ Ke6 31. Qg4+ Ke7 32. h3 Qxb2 33. Qg5+ Kf7 34. e6+ Kxe6 35. Qxg6+ Kd7 36. Qxg7+ Kc6 37. Qe5 Qxa2 38. h4 a5 39. h5 a4 40. h6 a3 41. Qf6+ Kb5 42. Qf1+ Qc4 43. Qb1+ Qb4 44. Qd3+ Qc4 45. Qxa3 Qf1+ 46. Kh2 Qf4+ 47. Kg1 Qxd4+ 48. Kh1 Qh4+ 49. Qh3 Qe1+ 50. Kh2 Qe5+ 51. Kh1 Qe1+ 52. Kh2 Qe5+ 53. Kh1 Qe1+ 54. Kh2 1/2-1/2

[Event "CZE-chT2A 1920"]
[Site "Czech Republic"]
[Date "2019.11.17"]
[Round "3.5"]
[White "Hlavacek, Jiri"]
[Black "Hruby, Milan"]
[Result "1/2-1/2"]
[WhiteElo "2097"]
[BlackElo "1991"]
[PlyCount "28"]
[EventDate "2019.10.13"]
[EventType "team-tourn"]
[EventRounds "11"]
[EventCountry "CZE"]
[SourceTitle "EXT 2024"]
[Source "ChessBase"]
[SourceDate "2023.10.10"]
[SourceVersion "1"]
[SourceVersionDate "2023.10.10"]
[SourceQuality "1"]
[WhiteTeam "Pribram Banik"]
[BlackTeam "Tabor"]
[WhiteTeamCountry "CZE"]
[BlackTeamCountry "CZE"]

1. d4 d5 2. c4 e6 3. Nc3 c5 4. e3 Nc6 5. Nf3 Nf6 6. a3 a6 7. dxc5 Bxc5 8. b4 Ba7 9. Bb2 0-0 10. cxd5 exd5 11. Be2 d4 12. exd4 Nxd4 13. Nxd4 Qxd4 14. Qxd4 Bxd4 1/2-1/2

[Event "CZE-chT2A 1819"]
[Site "Czech Republic"]
[Date "2019.03.17"]
[Round "10.6"]
[White "Hruby, Milan"]
[Black "Vystrcil, Martin"]
[Result "1/2-1/2"]
[WhiteElo "2075"]
[BlackElo "2157"]
[PlyCount "56"]
[EventDate "2018.10.14"]
[EventType "team-tourn"]
[EventRounds "11"]
[EventCountry "CZE"]
[SourceTitle "EXT 2022"]
[Source "ChessBase"]
[SourceDate "2021.10.06"]
[SourceVersion "1"]
[SourceVersionDate "2021.10.06"]
[SourceQuality "1"]
[WhiteTeam "Tabor"]
[BlackTeam "Ricany"]
[WhiteTeamCountry "CZE"]
[BlackTeamCountry "CZE"]

1. d4 Nf6 2. c4 g6 3. Nc3 Bg7 4. e4 d6 5. f3 0-0 6. Be3 e5 7. Nge2 exd4 8. Nxd4 c6 9. Qd2 Qe7 10. Be2 a5 11. 0-0 Rd8 12. Rac1 Nbd7 13. Rfd1 Nf8 14. Bf1 Be6 15. Bg5 h5 16. f4 Bg4 17. Re1 Ne6 18. Nxe6 Bxe6 19. Qf2 Qc7 20. Bxf6 Bxf6 21. f5 Bc8 22. fxg6 Be5 23. gxf7+ Qxf7 24. Qxf7+ Kxf7 25. Be2 h4 26. Bh5+ Kg7 27. Rf1 Be6 28. b3 Rf8 1/2-1/2

[Event "Faroes op"]
[Site "Sandavagur"]
[Date "2018.07.13"]
[Round "8"]
[White "Jotic, Vladimir"]
[Black "Hruby, Milan"]
[Result "1/2-1/2"]
[WhiteElo "2387"]
[BlackElo "2031"]
[PlyCount "62"]
[EventDate "2018.07.07"]
[EventType "swiss"]
[EventRounds "9"]
[EventCountry "FAI"]
[SourceTitle "CBM 185 Extra"]
[Source "ChessBase"]
[SourceDate "2018.07.29"]
[SourceVersion "1"]
[SourceVersionDate "2018.07.29"]
[SourceQuality "1"]

1. Nf3 d5 2. g3 Nf6 3. Bg2 e6 4. 0-0 c5 5. d3 Nc6 6. Nbd2 Be7 7. e4 Qc7 8. Re1 0-0 9. e5 Nd7 10. Qe2 b5 11. Nf1 a5 12. h4 a4 13. a3 Ba6 14. Bf4 Rfc8 15. Ne3 Qd8 16. h5 h6 17. c3 b4 18. c4 Nb6 19. Nd2 Nd4 20. Qg4 Kh8 21. Rac1 Rab8 22. axb4 cxb4 23. cxd5 Rxc1 24. Rxc1 Bxd3 25. Re1 Bf5 26. Nxf5 exf5 27. Qd1 Nxd5 28. Bxd5 Qxd5 29. e6 Rd8 30. exf7 Qxf7 31. Qxa4 Bf6 1/2-1/2